000 00609nam a2200241 i 4500
001 C2-0095168
003 PPAK
005 20180727092956.0
008 970515s1985 caua|||| ||||| | eng d
020 _a0534066666
040 _aPPAK
_beng
_cPPAK
_erda
082 0 4 _a310
_223
090 0 0 _a310
_bSTA
_dG
245 0 0 _aStatistics
250 _aTaanur, Judith M.
264 1 _aBelmont :
_bWadsworth ,
_c1985
300 _a496 pages :
_billustrations ;
_c23 cm
336 _2rdacontent
_atext
337 _2rdamedia
_aunmediated
338 _2rdacarrier
_avolume
650 1 0 _aStatistics
942 _ddc
_cB
999 _c20040
_d20040